[Event "British Rapidplay Championship 2023"]
[Site "Mercure Bradford, Bankfield Hotel"]
[Date "2023.04.15"]
[Round "4.3"]
[White "Deepak Ambattu, Rithvik"]
[Black "Khoury, Theo"]
[Result "1-0"]
[TimeControl "All moves in 15 minutes plus 10 second increment per move from move 1"]
[WhiteElo "1782"]
[BlackElo "1990"]

1. e4 {[%clk 00:15:15]} {[%emt 00:00:03]} c5 {[%clk 00:15:20]} {[%emt
00:00:01]} 2. Nc3 {[%clk 00:15:24]} {[%emt 00:00:02]} a6 {[%clk 00:15:29]}
{[%emt 00:00:01]} 3. Nf3 {[%clk 00:15:31]} {[%emt 00:00:02]} b5 {[%clk
00:15:37]} {[%emt 00:00:02]} 4. d4 {[%clk 00:15:33]} {[%emt 00:00:08]} cxd4
{[%clk 00:15:41]} {[%emt 00:00:06]} 5. Nxd4 {[%clk 00:15:40]} {[%emt 00:00:03]}
Bb7 {[%clk 00:15:51]} 6. f3 {[%clk 00:15:47]} {[%emt 00:00:02]} d6 {[%clk
00:15:54]} {[%emt 00:00:07]} 7. Be3 {[%clk 00:15:52]} {[%emt 00:00:03]} Nf6
{[%clk 00:16:00]} {[%emt 00:00:06]} 8. Qd2 {[%clk 00:15:57]} {[%emt 00:00:05]}
h5 {[%clk 00:16:05]} {[%emt 00:00:05]} 9. O-O-O {[%clk 00:15:56]} {[%emt
00:00:10]} Nbd7 {[%clk 00:15:54]} {[%emt 00:00:22]} 10. Be2 {[%clk 00:15:13]}
{[%emt 00:00:51]} b4 {[%clk 00:15:35]} {[%emt 00:00:31]} 11. Na4 {[%clk
00:15:15]} {[%emt 00:00:08]} Qa5 {[%clk 00:15:34]} {[%emt 00:00:11]} 12. b3
{[%clk 00:15:20]} {[%emt 00:00:04]} d5 {[%clk 00:13:54]} {[%emt 00:01:51]} 13.
e5 {[%clk 00:10:25]} {[%emt 00:05:05]} Nxe5 {[%clk 00:12:42]} {[%emt 00:01:22]}
14. Nc6 {[%clk 00:10:14]} {[%emt 00:00:21]} Qc7 {[%clk 00:12:41]} {[%emt
00:00:10]} 15. Nxe5 {[%clk 00:10:14]} {[%emt 00:00:10]} Qxe5 {[%clk 00:12:48]}
{[%emt 00:00:04]} 16. Bd4 {[%clk 00:10:17]} {[%emt 00:00:06]} Qc7 {[%clk
00:12:32]} {[%emt 00:00:27]} 17. Qxb4 {[%clk 00:06:27]} {[%emt 00:04:00]} Rc8
{[%clk 00:12:01]} {[%emt 00:00:41]} 18. Qc5 {[%clk 00:05:24]} {[%emt 00:01:12]}
Qf4+ {[%clk 00:11:14]} {[%emt 00:00:57]} 19. Be3 {[%clk 00:05:32]} {[%emt
00:00:03]} Qe5 {[%clk 00:09:56]} {[%emt 00:01:28]} 20. Qd4 {[%clk 00:05:23]}
{[%emt 00:00:19]} Qc7 {[%clk 00:09:10]} {[%emt 00:00:56]} 21. Nc5 {[%clk
00:03:30]} {[%emt 00:02:03]} e5 {[%clk 00:08:56]} {[%emt 00:00:23]} 22. Qa4+
{[%clk 00:03:39]} {[%emt 00:00:02]} Bc6 {[%clk 00:08:55]} {[%emt 00:00:11]} 23.
Nxa6 {[%clk 00:03:13]} {[%emt 00:00:36]} Qd8 {[%clk 00:08:30]} {[%emt
00:00:35]} 24. Bb5 {[%clk 00:02:37]} {[%emt 00:00:46]} Bxb5 {[%clk 00:07:54]}
{[%emt 00:00:46]} 25. Qxb5+ {[%clk 00:02:45]} {[%emt 00:00:02]} Qd7 {[%clk
00:08:03]} {[%emt 00:00:01]} 26. a4 {[%clk 00:02:08]} {[%emt 00:00:47]} Qxb5
{[%clk 00:07:41]} {[%emt 00:00:32]} 27. axb5 {[%clk 00:02:16]} {[%emt
00:00:01]} d4 {[%clk 00:07:43]} {[%emt 00:00:09]} 28. Bxd4 {[%clk 00:01:42]}
{[%emt 00:00:44]} exd4 {[%clk 00:07:41]} {[%emt 00:00:11]} 29. Rhe1+ {[%clk
00:01:45]} {[%emt 00:00:08]} Be7 {[%clk 00:07:49]} {[%emt 00:00:02]} 30. b6
{[%clk 00:01:49]} {[%emt 00:00:06]} Nd7 {[%clk 00:07:07]} {[%emt 00:00:52]} 31.
b7 {[%clk 00:01:50]} {[%emt 00:00:09]} Rd8 {[%clk 00:07:13]} {[%emt 00:00:05]}
32. Rxd4 {[%clk 00:01:53]} {[%emt 00:00:06]} f5 {[%clk 00:06:49]} {[%emt
00:00:34]} 33. Nc7+ {[%clk 00:00:57]} {[%emt 00:01:07]} Kf7 {[%clk 00:06:50]}
{[%emt 00:00:09]} 34. Ne6 {[%clk 00:00:48]} {[%emt 00:00:18]} Nb8 {[%clk
00:06:03]} {[%emt 00:00:58]} 35. Nxd8+ {[%clk 00:00:49]} {[%emt 00:00:08]} Bxd8
{[%clk 00:06:11]} {[%emt 00:00:02]} 36. Rc4 {[%clk 00:00:47]} {[%emt 00:00:12]}
Bg5+ {[%clk 00:05:21]} {[%emt 00:01:00]} 37. f4 {[%clk 00:00:50]} {[%emt
00:00:07]} Bh6 {[%clk 00:05:26]} {[%emt 00:00:04]} 38. g3 {[%clk 00:00:59]}
{[%emt 00:00:02]} Rf8 {[%clk 00:05:16]} {[%emt 00:00:20]} 39. Rc8 {[%clk
00:01:02]} {[%emt 00:00:07]} Na6 {[%clk 00:05:20]} {[%emt 00:00:06]} 40. Ra8
{[%clk 00:01:04]} {[%emt 00:00:08]} Nb8 {[%clk 00:05:19]} {[%emt 00:00:10]} 41.
Re5 {[%clk 00:01:11]} {[%emt 00:00:04]} Rd8 {[%clk 00:04:30]} {[%emt 00:00:59]}
42. Rc5 {[%clk 00:01:14]} {[%emt 00:00:08]} Ke7 {[%clk 00:04:30]} {[%emt
00:00:09]} 43. Rc8 {[%clk 00:01:20]} {[%emt 00:00:04]} 1-0

[Event "British Rapidplay Championship 2023"]
[Site "Mercure Bradford, Bankfield Hotel"]
[Date "2023.04.15"]
[Round "4.4"]
[White "Pink, Joshua"]
[Black "Cuaresma, Bien"]
[Result "1-0"]
[TimeControl "All moves in 15 minutes plus 10 second increment per move from move 1"]
[WhiteElo "1988"]
[BlackElo "1606"]

1. d4 {[%clk 00:15:06]} {[%emt 00:00:08]} d6 {[%clk 00:15:20]} 2. e4 {[%clk
00:15:12]} {[%emt 00:00:10]} c6 {[%clk 00:15:26]} {[%emt 00:00:04]} 3. Nc3
{[%clk 00:15:14]} {[%emt 00:00:08]} Nd7 {[%clk 00:15:31]} {[%emt 00:00:05]} 4.
f4 {[%clk 00:15:23]} e5 {[%clk 00:15:33]} {[%emt 00:00:08]} 5. Nf3 {[%clk
00:15:32]} {[%emt 00:00:01]} exd4 {[%clk 00:14:36]} {[%emt 00:01:07]} 6. Qxd4
{[%clk 00:15:38]} {[%emt 00:00:03]} Ngf6 {[%clk 00:14:34]} {[%emt 00:00:13]} 7.
Bd3 {[%clk 00:15:28]} {[%emt 00:00:20]} Be7 {[%clk 00:13:51]} {[%emt 00:00:53]}
8. e5 {[%clk 00:15:07]} {[%emt 00:00:30]} dxe5 {[%clk 00:13:57]} {[%emt
00:00:05]} 9. fxe5 {[%clk 00:15:00]} {[%emt 00:00:18]} Bc5 {[%clk 00:13:24]}
{[%emt 00:00:42]} 10. Qh4 {[%clk 00:14:37]} {[%emt 00:00:33]} Qe7 {[%clk
00:13:20]} {[%emt 00:00:13]} 11. Bf4 {[%clk 00:13:24]} {[%emt 00:01:24]} Nd5
{[%clk 00:13:19]} {[%emt 00:00:10]} 12. Qxe7+ {[%clk 00:13:32]} {[%emt
00:00:03]} Bxe7 {[%emt 00:00:13]} 13. Nxd5 {[%emt 00:00:02]} cxd5 {[%clk
00:13:10]} {[%emt 00:00:02]} 14. O-O-O {[%clk 00:13:28]} {[%emt 00:00:16]} a6
{[%clk 00:13:00]} {[%emt 00:00:21]} 15. Be2 {[%clk 00:13:18]} {[%emt 00:00:19]}
Nb6 {[%clk 00:12:38]} {[%emt 00:00:32]} 16. b3 {[%clk 00:13:20]} {[%emt
00:00:08]} Be6 {[%clk 00:12:44]} {[%emt 00:00:05]} 17. Nd4 {[%clk 00:12:31]}
{[%emt 00:00:58]} Rc8 {[%clk 00:11:37]} {[%emt 00:01:17]} 18. Nxe6 {[%clk
00:12:38]} {[%emt 00:00:03]} fxe6 {[%clk 00:11:43]} {[%emt 00:00:02]} 19. Bg4
{[%clk 00:12:38]} {[%emt 00:00:12]} Rc6 {[%clk 00:11:41]} {[%emt 00:00:13]} 20.
Kb2 {[%clk 00:12:27]} {[%emt 00:00:21]} O-O {[%clk 00:11:39]} {[%emt 00:00:12]}
21. Rhf1 {[%clk 00:12:36]} {[%emt 00:00:01]} Bb4 {[%clk 00:11:13]} {[%emt
00:00:36]} 22. Rf3 {[%clk 00:11:57]} {[%emt 00:00:48]} g5 {[%clk 00:11:00]}
{[%emt 00:00:24]} 23. Bxg5 {[%clk 00:11:36]} {[%emt 00:00:31]} Rxf3 {[%clk
00:11:06]} {[%emt 00:00:03]} 24. Bxf3 {[%clk 00:11:04]} {[%emt 00:00:43]} Bc3+
{[%clk 00:11:15]} 25. Kb1 {[%clk 00:11:10]} {[%emt 00:00:05]} Bxe5 {[%clk
00:11:24]} {[%emt 00:00:01]} 26. h4 {[%clk 00:10:48]} {[%emt 00:00:32]} Kg7
{[%clk 00:10:13]} {[%emt 00:01:22]} 27. Bg4 {[%clk 00:10:28]} {[%emt 00:00:29]}
h6 {[%clk 00:10:08]} {[%emt 00:00:15]} 28. Bd8 {[%clk 00:09:57]} {[%emt
00:00:41]} Bf6 {[%clk 00:07:50]} {[%emt 00:02:27]} 29. Bxf6+ {[%clk 00:09:58]}
{[%emt 00:00:11]} Kxf6 {[%clk 00:07:57]} {[%emt 00:00:02]} 30. Rf1+ {[%clk
00:10:07]} Kg6 {[%clk 00:07:23]} {[%emt 00:00:45]} 31. Re1 {[%clk 00:10:07]}
{[%emt 00:00:10]} Kf6 {[%clk 00:07:29]} {[%emt 00:00:04]} 32. Rf1+ {[%clk
00:09:53]} {[%emt 00:00:25]} Kg6 {[%clk 00:07:35]} {[%emt 00:00:03]} 33. Rf8
{[%clk 00:10:01]} {[%emt 00:00:02]} Nd7 {[%clk 00:06:57]} {[%emt 00:00:47]} 34.
Rg8+ {[%clk 00:09:54]} {[%emt 00:00:16]} Kf7 {[%clk 00:06:54]} {[%emt
00:00:14]} 35. Rd8 {[%clk 00:09:26]} {[%emt 00:00:39]} Ke7 {[%clk 00:06:41]}
{[%emt 00:00:23]} 36. Rh8 {[%clk 00:09:31]} {[%emt 00:00:05]} Nf6 {[%clk
00:06:34]} {[%emt 00:00:17]} 37. Bf3 {[%clk 00:09:36]} {[%emt 00:00:04]} Kf7
{[%clk 00:06:33]} {[%emt 00:00:11]} 38. Rb8 {[%clk 00:09:17]} {[%emt 00:00:30]}
Rc7 {[%clk 00:06:29]} {[%emt 00:00:14]} 39. h5 {[%clk 00:09:23]} {[%emt
00:00:03]} e5 {[%clk 00:06:21]} {[%emt 00:00:19]} 40. Kc1 {[%clk 00:08:59]}
{[%emt 00:00:34]} e4 {[%clk 00:06:20]} {[%emt 00:00:11]} 41. Be2 {[%clk
00:09:08]} Ke6 {[%clk 00:06:09]} {[%emt 00:00:21]} 42. Rh8 {[%clk 00:09:07]}
{[%emt 00:00:11]} Rh7 {[%clk 00:06:14]} {[%emt 00:00:04]} 43. Rxh7 {[%clk
00:08:23]} {[%emt 00:00:55]} Nxh7 {[%clk 00:06:11]} {[%emt 00:00:13]} 44. Kd2
{[%clk 00:08:32]} {[%emt 00:00:01]} Ke5 {[%clk 00:06:20]} {[%emt 00:00:01]} 45.
c3 {[%clk 00:08:40]} {[%emt 00:00:03]} Kf4 {[%clk 00:06:22]} {[%emt 00:00:07]}
46. a4 {[%clk 00:08:34]} {[%emt 00:00:17]} Nf6 {[%clk 00:06:16]} {[%emt
00:00:16]} 47. a5 {[%clk 00:08:43]} Nd7 {[%clk 00:05:51]} {[%emt 00:00:34]} 48.
b4 {[%emt 00:00:12]} Ne5 49. b5 {[%clk 00:08:41]} Nf7 {[%clk 00:05:03]} 1-0

[Event "British Rapidplay Championship 2023"]
[Site "Mercure Bradford, Bankfield Hotel"]
[Date "2023.04.15"]
[Round "4.5"]
[White "Raynes, Paul"]
[Black "Sisupalan, Beni"]
[Result "1-0"]
[TimeControl "All moves in 15 minutes plus 10 second increment per move from move 1"]
[WhiteElo "2077"]
[BlackElo "1497"]

1. d4 {[%clk 00:15:18]} {[%emt 00:00:01]} Nf6 {[%clk 00:15:19]} {[%emt
00:00:01]} 2. Bf4 {[%clk 00:15:25]} {[%emt 00:00:03]} g6 {[%clk 00:15:27]}
{[%emt 00:00:02]} 3. Nc3 {[%clk 00:15:30]} {[%emt 00:00:05]} Bg7 {[%clk
00:15:35]} {[%emt 00:00:02]} 4. e4 {[%clk 00:15:35]} {[%emt 00:00:05]} d6
{[%clk 00:15:44]} {[%emt 00:00:02]} 5. Qd2 {[%clk 00:15:16]} {[%emt 00:00:28]}
Nbd7 {[%clk 00:15:31]} {[%emt 00:00:23]} 6. O-O-O {[%clk 00:14:40]} {[%emt
00:00:46]} c6 {[%clk 00:15:16]} {[%emt 00:00:25]} 7. f3 {[%clk 00:14:07]}
{[%emt 00:00:43]} b5 {[%clk 00:15:14]} {[%emt 00:00:12]} 8. Bh6 {[%clk
00:12:17]} {[%emt 00:01:59]} O-O {[%clk 00:14:51]} {[%emt 00:00:34]} 9. h4
{[%clk 00:11:50]} {[%emt 00:00:38]} Qa5 {[%clk 00:14:15]} {[%emt 00:00:46]} 10.
h5 {[%clk 00:10:57]} {[%emt 00:01:02]} Rb8 {[%clk 00:12:59]} {[%emt 00:01:26]}
11. hxg6 {[%clk 00:10:20]} {[%emt 00:00:46]} fxg6 {[%clk 00:12:42]} {[%emt
00:00:28]} 12. Bxg7 {[%clk 00:09:35]} {[%emt 00:00:55]} Kxg7 {[%clk 00:12:47]}
{[%emt 00:00:05]} 13. Qh6+ {[%clk 00:09:36]} {[%emt 00:00:09]} Kg8 {[%clk
00:12:21]} {[%emt 00:00:36]} 14. Nh3 {[%clk 00:08:55]} {[%emt 00:00:51]} Rf7
{[%clk 00:08:29]} {[%emt 00:04:02]} 15. Ng5 {[%clk 00:07:59]} {[%emt 00:01:06]}
b4 {[%clk 00:08:01]} {[%emt 00:00:39]} 16. Bc4 {[%clk 00:05:36]} {[%emt
00:02:32]} d5 {[%emt 00:00:43]} 17. exd5 {[%clk 00:04:44]} {[%emt 00:01:01]}
cxd5 {[%clk 00:05:05]} {[%emt 00:02:33]} 18. Nxd5 {[%clk 00:04:29]} {[%emt
00:00:26]} Nxd5 {[%clk 00:03:31]} {[%emt 00:01:45]} 19. Nxf7 {[%clk 00:04:31]}
{[%emt 00:00:08]} N7f6 {[%clk 00:03:21]} {[%emt 00:00:19]} 20. Ne5 {[%clk
00:04:12]} {[%emt 00:00:29]} Ba6 {[%clk 00:02:24]} {[%emt 00:01:08]} 21. Bb3
{[%clk 00:02:57]} {[%emt 00:01:24]} e6 {[%clk 00:02:01]} {[%emt 00:00:33]} 22.
Nxg6 {[%clk 00:02:37]} {[%emt 00:00:30]} hxg6 {[%clk 00:01:13]} {[%emt
00:00:58]} 23. Qxg6+ {[%clk 00:02:25]} {[%emt 00:00:22]} Kf8 {[%clk 00:01:22]}
{[%emt 00:00:02]} 24. Rh8+ {[%clk 00:02:30]} {[%emt 00:00:04]} Ke7 {[%clk
00:01:31]} {[%emt 00:00:01]} 25. Rxb8 {[%clk 00:02:29]} {[%emt 00:00:11]} Nf4
{[%clk 00:01:29]} {[%emt 00:00:12]} 26. Qg7+ {[%clk 00:02:28]} {[%emt
00:00:11]} Kd6 {[%clk 00:01:36]} {[%emt 00:00:02]} 27. Qxf6 {[%clk 00:02:26]}
{[%emt 00:00:13]} Ne2+ {[%clk 00:01:44]} {[%emt 00:00:02]} 28. Kb1 {[%clk
00:02:35]} {[%emt 00:00:02]} Nc3+ {[%clk 00:01:51]} {[%emt 00:00:02]} 29. bxc3
{[%clk 00:02:39]} {[%emt 00:00:06]} bxc3 {[%clk 00:01:59]} {[%emt 00:00:01]} 30.
Qe5+ {[%clk 00:02:46]} {[%emt 00:00:04]} Qxe5 {[%clk 00:02:06]} {[%emt
00:00:04]} 31. dxe5+ {[%clk 00:02:55]} Kxe5 {[%clk 00:02:14]} {[%emt 00:00:01]}
32. Rf8 {[%clk 00:02:59]} {[%emt 00:00:05]} Be2 {[%clk 00:02:18]} {[%emt
00:00:08]} 33. Re1 {[%clk 00:03:06]} {[%emt 00:00:02]} a5 {[%clk 00:02:26]}
{[%emt 00:00:02]} 34. Rxe2+ {[%clk 00:03:14]} {[%emt 00:00:01]} Kd4 {[%clk
00:02:35]} {[%emt 00:00:01]} 35. Rd8+ {[%clk 00:03:22]} {[%emt 00:00:03]} Kc5
{[%clk 00:02:44]} {[%emt 00:00:01]} 36. g4 {[%clk 00:03:28]} {[%emt 00:00:04]}
a4 {[%clk 00:02:53]} {[%emt 00:00:02]} 37. g5 {[%clk 00:03:36]} {[%emt
00:00:02]} axb3 {[%clk 00:03:01]} {[%emt 00:00:02]} 38. axb3 {[%clk 00:03:44]}
{[%emt 00:00:01]} e5 {[%clk 00:03:10]} {[%emt 00:00:02]} 39. g6 {[%clk
00:03:53]} {[%emt 00:00:01]} e4 {[%clk 00:03:18]} {[%emt 00:00:01]} 40. fxe4
{[%clk 00:04:00]} {[%emt 00:00:02]} Kc6 {[%clk 00:03:26]} {[%emt 00:00:02]} 41.
g7 {[%clk 00:04:09]} {[%emt 00:00:02]} Kc5 {[%clk 00:03:35]} {[%emt 00:00:01]}
42. g8=Q {[%clk 00:04:14]} {[%emt 00:00:05]} Kc6 {[%clk 00:03:44]} {[%emt
00:00:01]} 43. Qe6+ {[%clk 00:04:21]} {[%emt 00:00:02]} Kc5 {[%clk 00:03:53]}
{[%emt 00:00:03]} 44. Rc8+ {[%clk 00:04:29]} {[%emt 00:00:02]} Kb5 {[%clk
00:04:01]} {[%emt 00:00:01]} 45. Qc6+ {[%clk 00:04:36]} {[%emt 00:00:02]} Kb4
{[%clk 00:04:09]} {[%emt 00:00:03]} 46. Qc4+ {[%clk 00:04:45]} {[%emt
00:00:01]} Ka5 {[%clk 00:04:17]} {[%emt 00:00:02]} 47. Qc5+ {[%clk 00:04:49]}
{[%emt 00:00:05]} Ka6 {[%clk 00:04:26]} {[%emt 00:00:02]} 48. Rc6+ {[%clk
00:04:26]} {[%emt 00:00:32]} Kb7 {[%clk 00:04:35]} {[%emt 00:00:02]} 49. Qb6+
{[%clk 00:04:34]} {[%emt 00:00:02]} Ka8 {[%clk 00:04:43]} {[%emt 00:00:02]} 50.
Rc8# {[%clk 00:04:43]} 1-0

[Event "British Rapidplay Championship 2023"]
[Site "Mercure Bradford, Bankfield Hotel"]
[Date "2023.04.15"]
[Round "4.6"]
[White "Arkell, Keith C"]
[Black "Bramson, Mike"]
[Result "1-0"]
[TimeControl "All moves in 15 minutes plus 10 second increment per move from move 1"]
[WhiteElo "2345"]
[BlackElo "1950"]

1. d4 {[%clk 00:12:06]} {[%emt 00:03:14]} d5 {[%clk 00:15:17]} {[%emt
00:00:02]} 2. Nf3 {[%clk 00:12:14]} {[%emt 00:00:03]} Nf6 {[%clk 00:15:24]}
{[%emt 00:00:03]} 3. c4 {[%clk 00:12:22]} {[%emt 00:00:02]} e6 {[%clk
00:15:32]} {[%emt 00:00:02]} 4. cxd5 {[%clk 00:12:30]} {[%emt 00:00:02]} exd5
{[%clk 00:15:39]} {[%emt 00:00:03]} 5. Nc3 {[%clk 00:12:38]} {[%emt 00:00:02]}
c6 {[%clk 00:15:37]} {[%emt 00:00:12]} 6. Qc2 {[%clk 00:12:46]} {[%emt
00:00:02]} Be7 {[%clk 00:15:20]} {[%emt 00:00:27]} 7. Bg5 {[%clk 00:12:54]}
{[%emt 00:00:02]} O-O {[%clk 00:15:08]} {[%emt 00:00:21]} 8. e3 {[%clk
00:13:02]} {[%emt 00:00:03]} Bg4 {[%clk 00:14:58]} {[%emt 00:00:19]} 9. Ne5
{[%clk 00:13:10]} {[%emt 00:00:03]} Bh5 {[%clk 00:15:00]} {[%emt 00:00:08]} 10.
Bd3 {[%clk 00:13:18]} {[%emt 00:00:02]} h6 {[%clk 00:14:32]} {[%emt 00:00:38]}
11. Bf4 {[%clk 00:13:08]} {[%emt 00:00:20]} Nbd7 {[%clk 00:14:30]} {[%emt
00:00:12]} 12. h3 {[%clk 00:13:15]} {[%emt 00:00:03]} Nxe5 {[%clk 00:13:58]}
{[%emt 00:00:42]} 13. dxe5 {[%clk 00:13:19]} {[%emt 00:00:05]} Nd7 {[%clk
00:13:12]} {[%emt 00:00:56]} 14. g4 {[%clk 00:13:27]} {[%emt 00:00:02]} Bg6
{[%clk 00:13:14]} {[%emt 00:00:08]} 15. Bxg6 {[%clk 00:13:35]} {[%emt
00:00:02]} fxg6 {[%clk 00:13:22]} {[%emt 00:00:02]} 16. Qxg6 {[%clk 00:13:43]}
{[%emt 00:00:03]} Qe8 {[%clk 00:13:10]} {[%emt 00:00:22]} 17. Qxe8 {[%clk
00:13:42]} {[%emt 00:00:10]} Raxe8 {[%clk 00:13:17]} {[%emt 00:00:03]} 18. Bg3
{[%clk 00:13:50]} {[%emt 00:00:02]} Bc5 {[%clk 00:13:11]} {[%emt 00:00:16]} 19.
Na4 {[%clk 00:13:24]} {[%emt 00:00:37]} Bb4+ {[%clk 00:13:08]} {[%emt
00:00:13]} 20. Ke2 {[%clk 00:13:33]} {[%emt 00:00:01]} Nxe5 {[%clk 00:13:12]}
{[%emt 00:00:05]} 21. Rhd1 {[%clk 00:13:26]} {[%emt 00:00:17]} b5 {[%clk
00:10:48]} {[%emt 00:02:35]} 22. Nc3 {[%clk 00:13:34]} {[%emt 00:00:02]} Bxc3
{[%clk 00:10:51]} {[%emt 00:00:06]} 23. bxc3 {[%clk 00:13:42]} {[%emt
00:00:03]} Nc4 {[%clk 00:10:54]} {[%emt 00:00:07]} 24. Rd4 {[%clk 00:13:33]}
{[%emt 00:00:19]} Re6 {[%clk 00:10:48]} {[%emt 00:00:16]} 25. a4 {[%clk
00:13:38]} {[%emt 00:00:04]} a6 {[%clk 00:10:46]} {[%emt 00:00:12]} 26. axb5
{[%clk 00:13:47]} {[%emt 00:00:02]} axb5 {[%clk 00:10:54]} {[%emt 00:00:02]} 27.
Ra6 {[%clk 00:13:44]} {[%emt 00:00:14]} Ref6 {[%clk 00:10:26]} {[%emt
00:00:37]} 28. h4 {[%clk 00:13:30]} {[%emt 00:00:24]} Kh7 {[%clk 00:09:20]}
{[%emt 00:01:16]} 29. g5 {[%clk 00:13:32]} {[%emt 00:00:08]} hxg5 {[%clk
00:09:05]} {[%emt 00:00:25]} 30. hxg5 {[%clk 00:13:41]} {[%emt 00:00:01]} Rg6
{[%clk 00:08:59]} {[%emt 00:00:16]} 31. Rh4+ {[%clk 00:13:49]} {[%emt
00:00:02]} Kg8 {[%clk 00:09:07]} {[%emt 00:00:02]} 32. Bf4 {[%clk 00:13:57]}
{[%emt 00:00:02]} Rb8 {[%clk 00:08:58]} {[%emt 00:00:20]} 33. Rh1 {[%clk
00:13:57]} {[%emt 00:00:09]} Rb7 {[%clk 00:08:49]} {[%emt 00:00:19]} 34. Ra8+
{[%clk 00:14:04]} {[%emt 00:00:02]} Kf7 {[%clk 00:08:58]} {[%emt 00:00:02]} 35.
Rhh8 {[%clk 00:14:12]} {[%emt 00:00:02]} Re6 {[%clk 00:08:59]} {[%emt
00:00:09]} 36. Kf3 {[%clk 00:13:58]} {[%emt 00:00:24]} Kg6 {[%clk 00:08:31]}
{[%emt 00:00:37]} 37. Kg4 {[%clk 00:13:44]} {[%emt 00:00:24]} b4 {[%clk
00:08:21]} {[%emt 00:00:21]} 38. cxb4 {[%clk 00:13:52]} {[%emt 00:00:02]} Rxb4
{[%clk 00:08:29]} {[%emt 00:00:01]} 39. Kg3 {[%clk 00:12:50]} {[%emt 00:01:13]}
Rb7 {[%clk 00:06:17]} {[%emt 00:02:22]} 40. Rhe8 {[%clk 00:12:41]} {[%emt
00:00:19]} Rxe8 {[%clk 00:05:26]} {[%emt 00:01:01]} 41. Rxe8 {[%clk 00:12:48]}
{[%emt 00:00:02]} Kf7 {[%clk 00:03:22]} {[%emt 00:02:15]} 42. Rc8 {[%clk
00:12:55]} {[%emt 00:00:02]} Rb6 {[%clk 00:03:28]} {[%emt 00:00:04]} 43. Kg4
{[%clk 00:13:03]} {[%emt 00:00:03]} Ke6 {[%clk 00:02:53]} {[%emt 00:00:45]} 44.
Rc7 {[%clk 00:12:58]} {[%emt 00:00:15]} g6 {[%clk 00:02:48]} {[%emt 00:00:15]}
45. Rg7 {[%clk 00:13:05]} {[%emt 00:00:02]} Ne5+ {[%clk 00:02:39]} {[%emt
00:00:19]} 46. Bxe5 {[%clk 00:13:09]} {[%emt 00:00:07]} Kxe5 {[%clk 00:02:47]}
{[%emt 00:00:01]} 47. Rxg6 {[%clk 00:13:10]} {[%emt 00:00:09]} d4 {[%clk
00:02:50]} {[%emt 00:00:08]} 48. f4+ {[%clk 00:13:13]} {[%emt 00:00:07]} Ke4
{[%clk 00:02:57]} {[%emt 00:00:03]} 49. exd4 {[%clk 00:13:21]} {[%emt
00:00:01]} Kxd4 {[%clk 00:03:05]} {[%emt 00:00:02]} 50. f5 {[%clk 00:13:15]}
{[%emt 00:00:17]} Kd5 {[%clk 00:03:02]} {[%emt 00:00:13]} 51. f6 {[%clk
00:13:21]} {[%emt 00:00:03]} Ke6 {[%clk 00:03:06]} {[%emt 00:00:06]} 52. Rg7
{[%clk 00:13:27]} {[%emt 00:00:04]} c5 {[%clk 00:03:06]} {[%emt 00:00:11]} 53.
Re7+ {[%clk 00:13:34]} {[%emt 00:00:03]} Kd6 {[%clk 00:03:14]} {[%emt
00:00:02]} 54. Re1 {[%clk 00:13:42]} {[%emt 00:00:02]} c4 {[%clk 00:03:13]}
{[%emt 00:00:11]} 55. f7 {[%clk 00:13:50]} {[%emt 00:00:02]} Kd5 {[%emt
00:00:21]} 1-0